<?xml version="1.0" encoding="UTF-8"?>
<collection xmlns="http://www.loc.gov/MARC21/slim">
  <record>
    <leader>00000nam  2200000   4500</leader>
    <controlfield tag="001">INLIS000000000013226</controlfield>
    <controlfield tag="005">20220907080010</controlfield>
    <datafield tag="035" ind1="#" ind2="#">
      <subfield code="a">0010-0822000027</subfield>
    </datafield>
    <datafield tag="245" ind1="1" ind2="#">
      <subfield code="a">Optimalisasi Kinerja PENA Melalui Pembentukan UPTD PPA di Kabupaten Lamandau Dinas Pemberdayaan Perempuan dan Perlindungan Anak, Pengendalian Penduduk dan Keluarga Berencana /</subfield>
      <subfield code="c">Friaraiyatini, S.KM., M.Kes.</subfield>
    </datafield>
    <datafield tag="100" ind1=" " ind2="#">
      <subfield code="a">FRIARAIYATINI</subfield>
    </datafield>
    <datafield tag="250" ind1="#" ind2="#">
      <subfield code="a">1</subfield>
    </datafield>
    <datafield tag="300" ind1="#" ind2="#">
      <subfield code="a">iv,28 halaman.,lampiran :</subfield>
      <subfield code="b">ilustrasi ;</subfield>
      <subfield code="c">30 cm</subfield>
    </datafield>
    <datafield tag="260" ind1="#" ind2="#">
      <subfield code="a">Samarinda :</subfield>
      <subfield code="b">Puslatbang KDOD,</subfield>
      <subfield code="c">2020</subfield>
    </datafield>
    <datafield tag="084" ind1="#" ind2="#">
      <subfield code="a">PKN 312 2020</subfield>
    </datafield>
    <datafield tag="520" ind1="#" ind2="#">
      <subfield code="a">Laporan proyek perubahan ini menjelaskan kasus kekerasan terhadap perempuan dan anak sangat mempengaruhi penurunan kualitas SDM sehingga memerlukan pencegahan dan penanganan dengan melibatkan keluarga, sekolah, dan masyarakat untuk mereformasi manajemen penanganan kasus kekerasan perempuan dan anak. Inovasi Optimalisasi Kinerja PENA Melalui Pembentukan UPTD Perlindungan Perempuan dan Anak (PPA) adalah pemberian layanan pengaduan , penjangkauan korban, pengelolaan kasus, penampungan sementara, mediasi dan pendampingan korban menjadi lebih mudah aksesnya, efektif, efisien, dan cepat.</subfield>
    </datafield>
    <datafield tag="500" ind1="#" ind2="#">
      <subfield code="a">Coach:Prof. Dr. Sugeng Hariyadi, MBA&#13;
Penguji:Dr. Muhammad Firdaus, MBA&#13;
Mentor:Hendra Lesmana</subfield>
    </datafield>
    <controlfield tag="008">220907################|##########|#|##</controlfield>
    <datafield tag="650" ind1="#" ind2="4">
      <subfield code="a">Proyek Perubahan</subfield>
    </datafield>
    <datafield tag="650" ind1="#" ind2="4">
      <subfield code="a">Kepemimpinan Nasional Tingkat II</subfield>
    </datafield>
    <datafield tag="650" ind1="#" ind2="4">
      <subfield code="a">inovasi pemerintah</subfield>
    </datafield>
    <datafield tag="650" ind1="#" ind2="4">
      <subfield code="a">kinerja pegawai</subfield>
    </datafield>
    <datafield tag="650" ind1="#" ind2="4">
      <subfield code="a">kinerja organisasi</subfield>
    </datafield>
    <datafield tag="650" ind1="#" ind2="4">
      <subfield code="a">perlindungan anak</subfield>
    </datafield>
    <datafield tag="650" ind1="#" ind2="4">
      <subfield code="a">perlindungan perempuan</subfield>
    </datafield>
    <datafield tag="650" ind1="#" ind2="4">
      <subfield code="a">kekerasan keluarga</subfield>
    </datafield>
    <datafield tag="990" ind1="#" ind2="#">
      <subfield code="a">PKN/312/2020</subfield>
    </datafield>
  </record>
</collection>
